Prestaciones y condiciones laborales del recurso humano integrado a la industria de ensamble de confección en Guatemala
Presenta como objeto fundamental la realidad a acerca de uno de sus principales elementos, el sistema de prestaciones y condiciones laborales q que se ve sujeto el recurso humanos.
| Main Author: | |
|---|---|
| Other Authors: | |
| Format: | Tesis Section = Libro |
| Language: | Undetermined Spanish |
| Published: |
Guatemala
USAC-G
1991
|
| Subjects: |
| LEADER | 00890nam a2200217Ia 4500 | ||
|---|---|---|---|
| 008 | 240830s9999 xx 000 0 und d | ||
| 040 | |a BIBLIOTECA-RUSB/ Mon 658 T688 | ||
| 041 | |a spa | ||
| 082 | |a Mon 658 T688 | ||
| 100 | 1 | |a Torrez Martínez, Pedro Ernesto | |
| 245 | 1 | 0 | |a Prestaciones y condiciones laborales del recurso humano integrado a la industria de ensamble de confección en Guatemala |
| 260 | |a Guatemala |b USAC-G |c 1991 | ||
| 300 | |a 90 p. :il. | ||
| 502 | |a Tesis (Arquitecto) - USAC-G, 1991. | ||
| 520 | 3 | |a Presenta como objeto fundamental la realidad a acerca de uno de sus principales elementos, el sistema de prestaciones y condiciones laborales q que se ve sujeto el recurso humanos. | |
| 650 | 7 | |a ADMINISTRACION GENERAL | |
| 650 | 7 | |b NDUSTRIA DE VESTIDOS – GUATEMALA | |
| 700 | 1 | |a Tutor: |b Romero Gálvez, Julio Fernando | |
| 942 | |c BK |2 ddc | ||
| 991 | |a TESIS | ||
| 999 | |c 20579 | ||